000 00416nam a2200169Ia 4500
008 230524s9999 xx 000 0 und d
020 _a9780007272907
082 _bGUE
100 _aErnesto Che Guevara
_941756
245 4 _aThe Motorcycle Diaries
250 _a1
260 _aNoida
_bHarper Perennial
_c2011
300 _a165p;
500 _aQuantity Number: 1
650 _aMisalliance
_941757
942 _cBK
999 _c56202
_d56202